|
|
|
|
| LEADER |
00000cam a2200000 7i4500 |
| 001 |
0000004245 |
| 002 |
000004562 |
| 005 |
20000330.0 |
| 020 |
|
|
|a 1850761663
|
| 090 |
0 |
0 |
|a 746.443
|b MIL
|
| 100 |
1 |
|
|a Milne, Julia
|
| 245 |
1 |
0 |
|a Samplers :
|b how to create your own designs
|c Julia Milne
|
| 260 |
|
|
|a London :
|b The Apple Press ,
|c 1989
|
| 300 |
|
|
|a 95 p. :
|b ill. ;
|c 30 cm.
|
| 650 |
0 |
0 |
|a Cross stitch
|
| 999 |
|
|
|a 019676
|b BUKU
|c PINJAMAN
|e PERPUSTAKAAN KOMUNITI PETALING JAYA
|
| 999 |
|
|
|a 031383
|b BUKU
|c PINJAMAN
|e PERPUSTAKAAN KOMUNITI PETALING JAYA
|
| 999 |
|
|
|a 031384
|b BUKU
|c PINJAMAN
|e PERPUSTAKAAN KOMUNITI PETALING JAYA
|